000 00789nam a2200265 a 4500
008
020 _a9788184500622 (pbk.)
049 _aMAIN
090 _aHD6961
_bBHA
100 1 0 _aBhatia, S. K.
245 1 0 _aStrategic industrial relations and labour laws /
_cS. K. Bhatia and S. Chnadra
260 0 _aNew Delhi :
_bDeep & Deep,
_c2008
300 _axv, 327 pages ;
_c23 cm
336 _atext
_btxt
_2rdacontent
337 _acomputer
_bc
_2rdamedia
338 _aonline resource
_bcr
_2rdacarrier
500 _aIncludes index
650 0 _aLabor laws and legislation
_zIndia
700 _aChandra, S.
907 _a.b10397231
_b18-03-19
_c18-03-19
003
005 20230123141138.0
040 _cNUST
942 _cBOOKS
_kHD6961
_mBHA
999 _c168465
_d168465